| 000 | 00350nam a2200145Ia 4500 | ||
|---|---|---|---|
| 005 | 20251222151306.0 | ||
| 008 | 251222s9999||||xx |||||||||||||| ||spa|| | ||
| 020 | _a8439718098 | ||
| 082 | _a613.2/B77 | ||
| 100 | _aBourre, Jean-Marie | ||
| 245 | 0 | _aDe la Intelingencia y el Placer | |
| 250 | _a1ra. ed. | ||
| 264 | _bMondadori, S.A. | ||
| 942 | _cLIB | ||
| 999 |
_c23191 _d23191 |
||